000 00308nam a2200121 a 4500
005 20140414131916.0
008 101019s19uu xx 00 eng d
050 _aER
_bIs1 1997
100 _aMarzollo, Jean
245 _aI spy :
_blittle book.
260 _aNew York :
_bScholastic ,
_c1997.
999 _c111482
_d111482